|
|
|
|
| LEADER |
00000nab a2200000 4500 |
| 001 |
vtls011975457 |
| 003 |
SK-MaSNL |
| 005 |
20260305024119.0 |
| 008 |
200619|20190815xo |||||||| ||00 |slo |
| 040 |
|
|
|a SNSK
|b slo
|e rda
|
| 041 |
0 |
|
|a slo
|
| 043 |
|
|
|a e-xo---
|
| 044 |
|
|
|a xo
|c SK
|
| 072 |
|
7 |
|a 72/76
|x Výtvarné umenie
|2 konspekt
|
| 080 |
|
|
|a 72
|2 2011
|
| 110 |
2 |
|
|a Tlačová agentúra Slovenskej republiky
|4 aut
|9 177619
|
| 245 |
0 |
0 |
|a Zomrel umelec a pedagóg Peter Krupa
|c [autor] (tasr) ; foto archív GUS, Lucia Benická
|
| 300 |
|
|
|b Fotografie
|
| 336 |
|
|
|a text
|b txt
|2 rdacontent
|
| 337 |
|
|
|a bez média
|b n
|2 rdamedia
|
| 338 |
|
|
|a zväzok
|b nc
|2 rdacarrier
|
| 600 |
1 |
7 |
|a Krupa, Peter,
|d 1944-2019
|2 SNKMA
|9 188327
|
| 650 |
0 |
7 |
|a výtvarníci
|2 SNKPH
|9 118705
|
| 655 |
|
7 |
|a nekrológy
|2 SNKPH
|9 402542
|
| 773 |
0 |
|
|t Korzár
|g Roč. XXII., č. 189 (15.8.2019), s. 4
|x 2585-7355
|
| 958 |
|
|
|a RG
|
| 999 |
|
|
|c 3300749
|d 3302679
|